[Event "FIDE World Rapid 2013"]
[Site "Khanty-Mansiysk RUS"]
[Date "2013.06.06"]
[Round "1.28"]
[White "Georgiev, Kiril"]
[Black "Ram, S. Krishnan"]
[Result "1-0"]
[WhiteTitle "GM"]
[WhiteElo "2636"]
[BlackElo "2248"]
[WhiteFideId "2900017"]
[BlackFideId "5010519"]
[EventDate "2013.06.06"]

1. d4 Nf6 2. c4 Nc6 3. Nf3 e6 4. Nc3 Bb4 5. Qc2 O-O 6. Bd2 d6 7. a3 Bxc3 8. Bxc3
Qe7 9. e3 a5 10. b3 e5 11. Be2 Bg4 12. d5 Nb8 13. O-O Nbd7 14. h3 Bh5 15. b4
axb4 16. axb4 b5 17. cxb5 Nxd5 18. Ra5 Bg6 19. Qb3 N5f6 20. Rfa1 Be4 21. Nd2 Bd5
22. Qc2 Rac8 23. Ra7 Qd8 24. Bb2 c5 25. Qc3 c4 26. Qc2 Qb6 27. R7a6 Qxb5 28.
Rxd6 Qxb4 29. Ba3 Qb7 30. Rxd5 Qxd5 31. Bxf8 Nxf8 32. Bxc4 Qd7 33. Nf3 Ng6 34.
Ng5 Rf8 35. Bb3 Qe7 36. Ra4 Nd7 37. Ne4 Nf6 38. Ng3 Qb7 39. Rc4 e4 40. Nxe4 Nxe4
41. Rxe4 Rc8 42. Qd3 Rc1+ 43. Kh2 Qb8+ 44. f4 Rc7 45. Rd4 Nf8 46. Rd8 Qb4 47.
Bd5 Qe7 48. Ra8 Ra7 49. Rxa7 Qxa7 50. e4 Qc7 51. e5 g6 52. Qb3 Kg7 53. Qb2 Ne6
54. Bxe6 fxe6 55. Qd4 Kf7 56. Kg3 Qb7 57. Qd8 Qb3+ 58. Kh4 Qc4 59. Qf6+ Kg8 60.
Kg5 Qc6 61. Qe7 Qc4 62. g3 1-0

[Event "FIDE World Rapid 2013"]
[Site "Khanty-Mansiysk RUS"]
[Date "2013.06.06"]
[Round "1.29"]
[White "Byambaa, Zulzaga"]
[Black "Guseinov, Gadir"]
[Result "0-1"]
[WhiteTitle "FM"]
[BlackTitle "GM"]
[WhiteElo "2285"]
[BlackElo "2631"]
[WhiteFideId "4900642"]
[BlackFideId "13401378"]
[EventDate "2013.06.06"]

1. e4 c5 2. Nf3 Nc6 3. Bb5 g6 4. O-O Bg7 5. Nc3 d6 6. d4 cxd4 7. Nxd4 Bd7 8. Be3
Nf6 9. h3 O-O 10. Be2 a6 11. Qd2 Rc8 12. Rfd1 b5 13. a3 Re8 14. f3 Qc7 15. a4 b4
16. Nd5 Nxd5 17. exd5 Nxd4 18. Bxd4 Bxd4+ 19. Qxd4 a5 20. Bd3 Qc5 21. c3 bxc3
22. bxc3 Qxc3 23. Qxc3 Rxc3 24. Bb5 Rd8 25. Rac1 Rxc1 26. Rxc1 Bxb5 27. axb5 Rb8
28. Rb1 a4 29. Kf2 a3 30. b6 Kg7 31. Ke3 g5 32. Kd4 Kf6 33. Rb3 a2 34. Ra3 Rxb6
35. Rxa2 h5 36. Kc4 Rb1 37. Re2 h4 38. Kd4 Rb4+ 39. Kc3 Ra4 40. Kd3 Ra5 41. Kd4
Rc5 42. Ra2 Rb5 43. Re2 Rb1 44. Kc4 Rd1 45. Ra2 Kf5 46. Ra7 Re1 47. Kd4 Kf4 48.
Ra2 Kg3 49. Kc4 e5 50. Ra6 0-1

[Event "FIDE World Rapid 2013"]
[Site "Khanty-Mansiysk RUS"]
[Date "2013.06.06"]
[Round "2.1"]
[White "Grischuk, Alexander"]
[Black "Khismatullin, Denis"]
[Result "1/2-1/2"]
[WhiteTitle "GM"]
[BlackTitle "GM"]
[WhiteElo "2779"]
[BlackElo "2658"]
[WhiteFideId "4126025"]
[BlackFideId "4142578"]
[EventDate "2013.06.06"]

1. d4 Nf6 2. Nf3 e6 3. g3 g6 4. Bg5 Be7 5. Nbd2 c5 6. c3 cxd4 7. cxd4 a6 8. e3
d6 9. Bxf6 Bxf6 10. Bg2 O-O 11. O-O 1/2-1/2

[Event "FIDE World Rapid 2013"]
[Site "Khanty-Mansiysk RUS"]
[Date "2013.06.06"]
[Round "2.5"]
[White "Potkin, Vladimir"]
[Black "Mamedov, Rauf"]
[Result "1-0"]
[WhiteTitle "GM"]
[BlackTitle "GM"]
[WhiteElo "2647"]
[BlackElo "2637"]
[WhiteFideId "4131061"]
[BlackFideId "13401653"]
[EventDate "2013.06.06"]

1. d4 Nf6 2. c4 g6 3. Nc3 Bg7 4. e4 d6 5. Nf3 O-O 6. Be2 c5 7. d5 e5 8. Bg5 h6
9. Bd2 Nh5 10. g3 Bh3 11. Qc2 a6 12. a4 Nd7 13. a5 Rb8 14. Nd1 f5 15. Nh4 Qe8
16. Bxh5 gxh5 17. Nxf5 Bg2 18. Rg1 Bf3 19. Nh4 Bg4 20. Ne3 Nf6 21. f3 Bh3 22.
Nef5 b5 23. Bxh6 Bxh6 24. Nxh6+ Kh7 25. N6f5 bxc4 26. Nxd6 Qd7 27. Nxc4 Rb4 28.
Nxe5 Qb5 29. Nd3 Rd4 30. Nf4 Nxe4 31. fxe4 Qb4+ 32. Qc3 Rxe4+ 33. Kf2 Rexf4+ 34.
gxf4 Qxf4+ 35. Nf3 Qxh2+ 36. Ke1 Re8+ 37. Kd1 Qe2+ 38. Kc1 Bg4 39. Ra3 Rf8 40.
Qd3+ Qxd3 41. Rxd3 c4 42. Re3 Rxf3 43. Rxf3 Bxf3 44. d6 Bc6 45. Kd2 Kh6 46. Ke3
h4 47. Kf4 h3 48. Kg3 Kg5 49. Rc1 1-0

[Event "FIDE World Rapid 2013"]
[Site "Khanty-Mansiysk RUS"]
[Date "2013.06.06"]
[Round "2.6"]
[White "Vallejo Pons, Francisco"]
[Black "Georgiev, Kiril"]
[Result "1-0"]
[WhiteTitle "GM"]
[BlackTitle "GM"]
[WhiteElo "2706"]
[BlackElo "2636"]
[WhiteFideId "2205530"]
[BlackFideId "2900017"]
[EventDate "2013.06.06"]

1. e4 e5 2. Nf3 Nc6 3. d4 exd4 4. Nxd4 Bc5 5. Nb3 Bb4+ 6. c3 Be7 7. f4 d6 8. Bd3
Nf6 9. N1d2 O-O 10. O-O Re8 11. Nf3 Bf8 12. Qc2 g6 13. f5 Ng4 14. Bg5 Be7 15.
Bf4 Bf6 16. Bc4 Bd7 17. Rae1 Nce5 18. h3 Nxc4 19. hxg4 g5 20. Bc1 h6 21. Nbd4
Qe7 22. Qb3 d5 23. e5 Nxe5 24. Nxe5 Bxe5 25. Qxd5 c6 26. Qc4 b5 27. Qd3 Qd6 28.
Rd1 Rad8 29. Qh3 Qf6 30. Be3 Bc8 31. Nf3 Rxd1 32. Rxd1 Bc7 33. Bxa7 Re4 34. Bd4
Qd6 35. Nxg5 Rxd4 36. Rxd4 Bb6 37. Nf3 Qf4 38. Qh4 Kg7 39. Qe7 Bxd4+ 40. cxd4
Qc1+ 41. Kh2 Qf4+ 42. Kh3 h5 43. Qe5+ Qxe5 44. dxe5 hxg4+ 45. Kxg4 c5 46. a3 Bb7
47. Kf4 Bd5 48. g4 Kf8 49. Nd2 Ke7 50. Ne4 c4 51. Nc3 Bc6 52. Ke3 1-0

[Event "FIDE World Rapid 2013"]
[Site "Khanty-Mansiysk RUS"]
[Date "2013.06.06"]
[Round "2.8"]
[White "Guseinov, Gadir"]
[Black "Sargissian, Gabriel"]
[Result "0-1"]
[WhiteTitle "GM"]
[BlackTitle "GM"]
[WhiteElo "2631"]
[BlackElo "2671"]
[WhiteFideId "13401378"]
[BlackFideId "13300881"]
[EventDate "2013.06.06"]

1. e4 e5 2. Nf3 Nc6 3. Bb5 a6 4. Bxc6 dxc6 5. O-O Bg4 6. h3 h5 7. d3 Qf6 8. Nbd2
Ne7 9. Re1 Ng6 10. d4 Nf4 11. hxg4 hxg4 12. g3 gxf3 13. Qxf3 Ne6 14. dxe5 Qxe5
15. Nb3 Bd6 16. Kg2 O-O-O 17. Bd2 Kb8 18. Bc3 Qg5 19. e5 Be7 20. Qe4 Rh5 21. Rh1
g6 22. Rae1 Qh6 23. Qf3 Qh7 24. Rxh5 gxh5 25. Qe4 Qg7 26. Nd4 Nxd4 27. Bxd4 h4
28. g4 h3+ 29. Kxh3 Rh8+ 30. Kg2 Qh6 31. Qf3 Qe6 32. a3 Rh4 33. Re4 Qh6 34. Be3
Qh7 35. Rf4 Qg6 36. Qe4 Qg8 37. Qf5 Rh7 38. Qd7 Bg5 39. Rd4 c5 40. Rd3 Rh8 41.
Bxc5 Qh7 42. Kf3 b6 43. Be3 Bxe3 44. Kxe3 Qh6+ 45. Ke2 Qc1 46. Qc6 Qf4 47. Qf6
Qxg4+ 48. Kd2 Rh2 49. Kc3 Qe4 50. Kb3 b5 51. Qd8+ Kb7 52. Rc3 Qxe5 53. Ka2 Rxf2
54. Qd3 f5 55. Rb3 Qe4 56. Qxe4+ fxe4 57. Rc3 Kb6 58. b4 Rf5 59. Kb2 c5 60. Rh3
Rf6 61. Kc1 a5 62. c3 a4 63. Kd2 Kc6 64. Rh5 Rf2+ 65. Ke3 Rf3+ 66. Kd2 cxb4 67.
axb4 a3 68. Rc5+ Kb6 69. Rc8 a2 70. Ra8 Rf1 0-1

[Event "FIDE World Rapid 2013"]
[Site "Khanty-Mansiysk RUS"]
[Date "2013.06.06"]
[Round "2.9"]
[White "Salem, A.R. Saleh"]
[Black "Movsesian, Sergei"]
[Result "1-0"]
[WhiteTitle "GM"]
[BlackTitle "GM"]
[WhiteElo "2531"]
[BlackElo "2699"]
[WhiteFideId "9301348"]
[BlackFideId "310204"]
[EventDate "2013.06.06"]

1. d4 Nf6 2. c4 g6 3. Nc3 Bg7 4. e4 O-O 5. Be3 d6 6. f3 c6 7. Bd3 a6 8. a4 a5 9.
Qd2 Na6 10. Rd1 e5 11. Nge2 exd4 12. Nxd4 Qe7 13. O-O Nd7 14. Kh1 Re8 15. b3
Ndc5 16. Bc2 Be6 17. Nce2 Nb4 18. Bb1 Qc7 19. Nxe6 Rxe6 20. Bxc5 dxc5 21. f4
Ree8 22. Qd7 Qb6 23. e5 Na6 24. Bc2 Nb4 25. Bb1 Na6 26. Qh3 Rad8 27. Bc2 Nb4 28.
Be4 Na6 29. Qe3 Nc7 30. Rxd8 Rxd8 31. f5 gxf5 32. Bxf5 Re8 33. Qd3 h6 34. Bh7+
Kh8 35. Rxf7 Ne6 36. Bf5 Rd8 37. Qg3 Rd1+ 38. Ng1 Ng5 39. e6 Qd8 40. Rd7 Rxd7
41. exd7 Kg8 42. h4 Nf7 43. Be6 Kf8 44. Nf3 Bf6 45. Qg6 Nd6 46. Qxh6+ Ke7 47.
Qe3 Qf8 48. Bh3+ Kd8 49. Qxc5 Kc7 50. Qxa5+ b6 51. Qd2 Qe7 52. a5 Ne4 53. Qf4+
Kb7 54. d8=N+ Qxd8 55. Qxe4 Qd1+ 56. Kh2 bxa5 57. Qe6 Bd8 58. Qd7+ Bc7+ 59. Ne5
Qxd7 60. Bxd7 Bxe5+ 61. Kh3 Kc7 62. Be8 Kd6 63. g4 Kc5 64. g5 Kb4 65. Bxc6 Kxb3
66. h5 Kxc4 67. h6 Kc5 68. g6 1-0

[Event "FIDE World Rapid 2013"]
[Site "Khanty-Mansiysk RUS"]
[Date "2013.06.06"]
[Round "2.10"]
[White "Cheparinov, Ivan"]
[Black "Kobalia, Mikhail"]
[Result "1-0"]
[WhiteTitle "GM"]
[BlackTitle "GM"]
[WhiteElo "2678"]
[BlackElo "2651"]
[WhiteFideId "2905540"]
[BlackFideId "4119150"]
[EventDate "2013.06.06"]

1. d4 d5 2. c4 c6 3. Nf3 Nf6 4. e3 Bf5 5. Nc3 e6 6. Nh4 Be4 7. f3 Bg6 8. Qb3 Qc7
9. g3 Be7 10. Be2 Bh5 11. Ng2 dxc4 12. Qxc4 Nbd7 13. Nf4 Bg6 14. e4 e5 15. Nxg6
hxg6 16. dxe5 Nxe5 17. Qd4 Nh5 18. Rf1 g5 19. Be3 Nd7 20. O-O-O Bc5 21. Qd2 Bxe3
22. Qxe3 Qa5 23. f4 gxf4 24. gxf4 O-O-O 25. e5 g6 26. Ne4 Kc7 27. Bc4 Rhf8 28.
Ng5 Ng7 29. Bxf7 Nb6 30. e6 Nf5 31. e7 Rxd1+ 32. Rxd1 Nxe3 33. Ne6+ Kb8 34.
exf8=Q+ Nc8 35. Qc5 1-0

[Event "FIDE World Rapid 2013"]
[Site "Khanty-Mansiysk RUS"]
[Date "2013.06.06"]
[Round "2.11"]
[White "Ponomariov, Ruslan"]
[Black "Riazantsev, Alexander"]
[Result "1-0"]
[WhiteTitle "GM"]
[BlackTitle "GM"]
[WhiteElo "2743"]
[BlackElo "2708"]
[WhiteFideId "14103320"]
[BlackFideId "4125029"]
[EventDate "2013.06.06"]

1. c4 e6 2. Nc3 d5 3. d4 Be7 4. cxd5 exd5 5. Bf4 c6 6. e3 Bf5 7. g4 Be6 8. h4
Nd7 9. g5 h6 10. g6 Ngf6 11. Bd3 Ne4 12. gxf7+ Bxf7 13. Nxe4 dxe4 14. Bxe4 Nf6
15. Bf3 O-O 16. Ne2 c5 17. Rg1 Kh8 18. Bxb7 cxd4 19. Bxa8 Qa5+ 20. Kf1 Rxa8 21.
Qxd4 Qa6 22. f3 Rd8 23. Qe5 Rd2 24. Rg2 Bd6 25. Qf5 Rd5 26. Qc2 Bxf4 27. exf4
Rd3 28. Rf2 Nd5 29. Kg1 Ne3 30. Qc7 Qg6+ 31. Kh1 Qf5 32. Ng1 Nd5 33. Qe5 Qc8 34.
Rg2 Nf6 35. Re1 Rd5 36. Qe7 Rd7 37. Qa3 Qd8 38. Nh3 Nh5 39. Re5 Nxf4 40. Nxf4
Qxh4+ 41. Rh2 Qxf4 42. Re1 Bd5 43. Rh3 Rf7 44. Re8+ Kh7 45. Qd3+ Rf5 46. Kg2 Bf7
47. Re4 Qb8 48. Rg3 Qxb2+ 49. Re2 Qf6 50. Rd2 Bh5 51. Qe4 Bg6 52. Qd4 Qf8 53.
Qxa7 Rf7 54. Qd4 Rf6 55. a4 Qa3 56. Kh2 Rxf3 57. Rxf3 Qxf3 58. Rg2 Qh5+ 59. Kg1
Qf5 60. Qc3 Qd7 61. a5 Be4 62. Re2 Qg4+ 63. Kf2 Qf4+ 64. Ke1 h5 65. a6 Qh4+ 66.
Kd2 Qd8+ 67. Kc1 Bg6 68. a7 h4 69. Re7 Qxe7 70. a8=Q Qd7 71. Qaf3 Qb5 72. Qf4
Qb1+ 73. Kd2 Qa2+ 74. Ke3 Qa7+ 75. Qfd4 Qe7+ 76. Kf2 Be4 77. Qce3 Qf7+ 78. Ke1
Bg6 79. Qxh4+ Bh5 80. Qee4+ Kh6 81. Qhf4+ 1-0

[Event "FIDE World Rapid 2013"]
[Site "Khanty-Mansiysk RUS"]
[Date "2013.06.06"]
[Round "2.13"]
[White "Artemiev, Vladislav"]
[Black "Vitiugov, Nikita"]
[Result "0-1"]
[WhiteTitle "IM"]
[BlackTitle "GM"]
[WhiteElo "2524"]
[BlackElo "2734"]
[WhiteFideId "24101605"]
[BlackFideId "4152956"]
[EventDate "2013.06.06"]

1. c4 Nf6 2. Nf3 c6 3. e3 d5 4. b3 Bf5 5. Be2 e6 6. Nh4 Bg6 7. Bb2 Nbd7 8. d3
Bd6 9. Nd2 Qe7 10. a3 a5 11. g3 O-O 12. O-O e5 13. Nxg6 hxg6 14. Qc2 Rfe8 15.
cxd5 cxd5 16. Rfc1 Nf8 17. Nf3 Qd7 18. Bf1 N8h7 19. Bg2 g5 20. h3 g4 21. hxg4
Qxg4 22. Qd1 Ng5 23. Nxg5 Qxg5 24. Qe2 Rad8 25. Bc3 b6 26. Bd2 e4 27. Rc6 Ng4
28. dxe4 dxe4 29. Rxb6 Qh5 30. Rb5 Be5 31. Rd1 Rd6 32. Bxa5 Rf6 33. Be1 Qh2+ 34.
Kf1 Nxf2 35. Bxf2 Bxg3 36. Rh5 Rxf2+ 37. Qxf2 Qxh5 38. Qe2 Qg6 39. Kg1 Re5 40.
Rd8+ Kh7 41. Rd4 f5 42. Kf1 Qg5 43. b4 Re6 44. Rd5 Rc6 45. Rc5 Rf6 46. b5 Qh4
47. a4 g6 48. Rc6 Rf7 49. Qc4 Rd7 50. Qe2 Rd3 51. b6 Qd8 52. Kg1 Rd2 53. Qc4
Bh2+ 54. Kh1 Bd6 55. Kg1 Rd1+ 56. Bf1 Qg5+ 0-1

[Event "FIDE World Rapid 2013"]
[Site "Khanty-Mansiysk RUS"]
[Date "2013.06.06"]
[Round "2.16"]
[White "Lagno, Kateryna"]
[Black "Akopian, Vladimir"]
[Result "1/2-1/2"]
[WhiteTitle "GM"]
[BlackTitle "GM"]
[WhiteElo "2542"]
[BlackElo "2691"]
[WhiteFideId "14109336"]
[BlackFideId "13300032"]
[EventDate "2013.06.06"]

1. Nf3 Nf6 2. c4 e6 3. g3 a6 4. d3 d5 5. b3 Bb4+ 6. Nbd2 O-O 7. Bb2 dxc4 8. bxc4
b5 9. cxb5 axb5 10. Bg2 Bb7 11. O-O Nbd7 12. Qc2 Be7 13. a4 bxa4 14. Rxa4 Rxa4
15. Qxa4 Qa8 16. Qc2 c5 17. Nc4 Bd5 18. Ra1 Qb7 19. h3 Ra8 20. Rxa8+ Qxa8 21.
Qb3 h6 22. Qa3 Qb8 23. Kh2 Bf8 24. Nfe5 Bxg2 25. Kxg2 Qb7+ 26. Kh2 Nxe5 27. Bxe5
Nd5 28. Qb2 Qxb2 29. Bxb2 1/2-1/2

[Event "FIDE World Rapid 2013"]
[Site "Khanty-Mansiysk RUS"]
[Date "2013.06.06"]
[Round "2.17"]
[White "Jakovenko, Dmitry"]
[Black "Rakhmanov, Aleksandr"]
[Result "1/2-1/2"]
[WhiteTitle "GM"]
[BlackTitle "GM"]
[WhiteElo "2713"]
[BlackElo "2602"]
[WhiteFideId "4122356"]
[BlackFideId "4173708"]
[EventDate "2013.06.06"]

1. Nf3 d5 2. d4 Nc6 3. Bf4 Bg4 4. e3 e6 5. Nbd2 Bd6 6. Bxd6 cxd6 7. h3 Bxf3 8.
Nxf3 Qb6 9. Qc1 Nf6 10. c3 O-O 11. Bd3 e5 12. Be2 exd4 13. exd4 Rfe8 14. Qc2
Rac8 15. O-O Nxd4 16. Nxd4 Qxd4 17. Bf3 Qc4 18. Qb3 Rc7 19. Rfd1 Re5 20. Rd4 Qc5
21. Rad1 Rce7 22. g3 Rf5 23. Kg2 h5 24. Qc2 g6 25. Qd3 Kg7 26. a3 b6 27. Rd2
Ree5 28. b4 Qc8 29. c4 Rxf3 30. Qxf3 Ne4 31. Rxe4 Rxe4 32. Rxd5 Qxc4 33. Rxd6
Re6 34. Rxe6 Qxe6 35. Qb7 a5 36. b5 Qd6 37. Qe4 Qc5 38. a4 Qd6 39. f4 Qd2+ 40.
Kf3 Qd1+ 41. Kf2 Qd2+ 42. Kf3 1/2-1/2

[Event "FIDE World Rapid 2013"]
[Site "Khanty-Mansiysk RUS"]
[Date "2013.06.06"]
[Round "2.18"]
[White "Le, Quang Liem"]
[Black "Pasiev, Rakhim"]
[Result "1-0"]
[WhiteTitle "GM"]
[BlackTitle "IM"]
[WhiteElo "2712"]
[BlackElo "2384"]
[WhiteFideId "12401137"]
[BlackFideId "24122475"]
[EventDate "2013.06.06"]

1. Nf3 c5 2. c4 Nc6 3. Nc3 g6 4. d4 cxd4 5. Nxd4 d6 6. e4 Nf6 7. Nc2 Bg7 8. Be2
O-O 9. O-O Nd7 10. Bd2 Nc5 11. b4 Bxc3 12. Bxc3 Nxe4 13. Bb2 Be6 14. Rc1 Rc8 15.
a3 b6 16. Ne3 f5 17. Nd5 Nf6 18. Nxf6+ exf6 19. f4 d5 20. c5 bxc5 21. Rxc5 a5
22. Ba6 Rc7 23. Qc1 Qa8 24. b5 Rb8 25. Re1 Kf7 26. Rxc6 Rxc6 27. Qxc6 Qxc6 28.
bxc6 Rxb2 29. Rxe6 Kxe6 30. c7 1-0

[Event "FIDE World Rapid 2013"]
[Site "Khanty-Mansiysk RUS"]
[Date "2013.06.06"]
[Round "2.19"]
[White "Safarli, Eltaj"]
[Black "Al-Sayed, Mohammed"]
[Result "1-0"]
[WhiteTitle "GM"]
[BlackTitle "GM"]
[WhiteElo "2660"]
[BlackElo "2498"]
[WhiteFideId "13402129"]
[BlackFideId "12100196"]
[EventDate "2013.06.06"]

1. e4 c5 2. Nf3 d6 3. Bc4 Nf6 4. Qe2 e6 5. c3 Be7 6. d4 cxd4 7. cxd4 O-O 8. Bd3
Nc6 9. Nc3 b6 10. a3 Bb7 11. O-O Na5 12. Bg5 h6 13. Bf4 Rc8 14. Rad1 Nh5 15. Be3
Nf6 16. Nd2 Qc7 17. Rc1 Qb8 18. Bb1 Rfd8 19. f4 Qa8 20. b4 Nc6 21. d5 exd5 22.
Nxd5 Re8 23. Qd3 Nd7 24. b5 Na5 25. Nc7 Rxc7 26. Rxc7 Nf8 27. Ba2 d5 28. Bxd5
Bxd5 29. exd5 Bd6 30. Rc3 Nb7 31. Ne4 Qd8 32. Rc6 Qe7 33. Nxd6 Nxd6 34. Bf2 Qd7
35. Re1 Rd8 36. a4 Ng6 37. Qf3 Qf5 38. g4 Qd7 39. f5 Ne7 40. Bg3 Nxc6 41. bxc6
Qc8 42. Re7 Ne8 43. Rxa7 Nf6 44. d6 1-0

[Event "FIDE World Rapid 2013"]
[Site "Khanty-Mansiysk RUS"]
[Date "2013.06.06"]
[Round "2.21"]
[White "Moiseenko, Alexander"]
[Black "Potapov, Pavel"]
[Result "1/2-1/2"]
[WhiteTitle "GM"]
[BlackTitle "IM"]
[WhiteElo "2711"]
[BlackElo "2460"]
[WhiteFideId "14102560"]
[BlackFideId "4169786"]
[EventDate "2013.06.06"]

1. d4 d5 2. c4 e5 3. dxe5 d4 4. Nf3 Nc6 5. g3 Nge7 6. Bg2 Ng6 7. O-O Ngxe5 8.
Nxe5 Nxe5 9. b3 Be7 10. Bb2 Bf6 11. Nd2 c5 12. Ne4 Be7 13. e3 Nc6 14. Qh5 O-O
15. Rfd1 Qb6 16. exd4 cxd4 17. c5 Qb4 18. Rac1 Be6 19. Ng5 Bxg5 20. Qxg5 Rad8
21. Rd3 f6 22. Qh5 Ne5 23. Qd1 Nxd3 24. Qxd3 Rfe8 25. Be4 h6 26. Bh7+ Kh8 27.
Bg6 Re7 28. Qe2 Rdd7 29. Qd1 Bd5 30. h4 Be4 31. Rc4 Qa5 32. Ra4 Qxa4 33. bxa4
Bxg6 34. Ba3 Re6 35. Qg4 Bf7 36. Bb4 d3 37. Qf4 Re8 38. Bc3 Red8 39. Bd2 Bxa2
40. g4 Be6 41. g5 Rd4 42. Qc7 R4d7 43. Qf4 fxg5 44. hxg5 hxg5 45. Qxg5 Kg8 46.
Qe5 Re8 47. Qg5 Rd5 48. Qg3 Rd4 49. f3 Rd7 50. a5 a6 51. Qg6 Bf7 52. Qg4 Be6 53.
Qg6 Ree7 54. Qg3 Re8 1/2-1/2

[Event "FIDE World Rapid 2013"]
[Site "Khanty-Mansiysk RUS"]
[Date "2013.06.06"]
[Round "2.23"]
[White "Kabanov, Nikolai"]
[Black "Popov, Ivan RUS"]
[Result "0-1"]
[WhiteTitle "GM"]
[BlackTitle "GM"]
[WhiteElo "2472"]
[BlackElo "2632"]
[WhiteFideId "4127820"]
[BlackFideId "4170350"]
[EventDate "2013.06.06"]

1. e4 c5 2. Nf3 e6 3. c4 Nc6 4. Be2 e5 5. Nc3 d6 6. d3 g6 7. h4 h5 8. Nd5 Bh6 9.
Ng5 f6 10. g3 Nce7 11. Bxh5 0-1

[Event "FIDE World Rapid 2013"]
[Site "Khanty-Mansiysk RUS"]
[Date "2013.06.06"]
[Round "2.24"]
[White "Smirin, Ilia"]
[Black "Cherniaev, Alexander"]
[Result "1-0"]
[WhiteTitle "GM"]
[BlackTitle "GM"]
[WhiteElo "2663"]
[BlackElo "2447"]
[WhiteFideId "2801990"]
[BlackFideId "4117301"]
[EventDate "2013.06.06"]

1. e4 c5 2. Nf3 Nc6 3. Bb5 e6 4. O-O Nge7 5. Re1 Nd4 6. Nxd4 cxd4 7. c3 Qb6 8.
Na3 Nc6 9. Bxc6 dxc6 10. Nc4 Qa6 11. d3 dxc3 12. bxc3 c5 13. Qf3 Be7 14. Qg3 O-O
15. Bh6 g6 16. Bxf8 Bxf8 17. Qc7 b5 18. Ne5 Qb7 19. Qd8 Qe7 20. Qxe7 Bxe7 21. a4
b4 22. cxb4 cxb4 23. Rec1 Bg5 24. Rc7 Bf4 25. Rc5 Bd2 26. Rb1 Bc3 27. Nc6 Ba6
28. Nxb4 Bxb4 29. Rxb4 Bxd3 30. f3 1-0

[Event "FIDE World Rapid 2013"]
[Site "Khanty-Mansiysk RUS"]
[Date "2013.06.06"]
[Round "2.25"]
[White "Ponkratov, Pavel"]
[Black "Bezgodov, Alexei"]
[Result "1/2-1/2"]
[WhiteTitle "GM"]
[BlackTitle "GM"]
[WhiteElo "2605"]
[BlackElo "2482"]
[WhiteFideId "4157800"]
[BlackFideId "4105257"]
[EventDate "2013.06.06"]

1. Nf3 d5 2. c4 dxc4 3. e3 Be6 4. Na3 Bd5 5. Bxc4 e6 6. Qb3 Nf6 7. Bxd5 Qxd5 8.
Nc4 Nbd7 9. d4 Nb6 10. Nxb6 axb6 11. Qxd5 exd5 12. Ke2 Bd6 13. Bd2 Ne4 14. a4
Kd7 15. Ra2 g5 16. Ne1 b5 17. b3 bxa4 18. bxa4 b5 19. a5 Nxd2 20. Kxd2 Rxa5 21.
Rxa5 Bb4+ 22. Kc2 Bxa5 23. Nd3 Bb6 24. h4 g4 25. g3 Ra8 26. Kb2 f6 27. Rc1 Kd6
28. Kb3 Ra4 29. Nb2 Ra8 30. Nd3 Ra4 31. Nb2 Ra8 32. Nd3 Ra4 1/2-1/2

[Event "FIDE World Rapid 2013"]
[Site "Khanty-Mansiysk RUS"]
[Date "2013.06.06"]
[Round "2.26"]
[White "Kurnosov, Igor"]
[Black "Akbaev, Kazbek"]
[Result "1-0"]
[WhiteTitle "GM"]
[BlackTitle "IM"]
[WhiteElo "2657"]
[BlackElo "2475"]
[WhiteFideId "4142527"]
[BlackFideId "4131045"]
[EventDate "2013.06.06"]

1. e4 e6 2. d4 d5 3. Nc3 c6 4. Nf3 f5 5. exf5 exf5 6. Ne5 Nf6 7. Bd3 Bd6 8. Bf4
O-O 9. O-O Ne4 10. f3 Qb6 11. fxe4 Qxd4+ 12. Kh1 Bxe5 13. Ne2 Qxb2 14. Rb1 Qxa2
15. Bxe5 dxe4 16. Bxe4 Qe6 17. Bxb8 Qxe4 18. Ng3 Qh4 19. Bd6 Rd8 20. Qe2 Qh6 21.
Be7 Re8 22. Nxf5 Qe6 23. Qxe6+ Bxe6 24. Rxb7 Rab8 25. Rxb8 Rxb8 26. Bd6 Ra8 27.
Ne7+ Kh8 28. Nxc6 Kg8 29. Nxa7 h5 30. Nc6 Ra6 31. Ne7+ Kh7 32. Bb4 Ra2 33. Rc1
Bc4 34. h3 g5 35. Kh2 Ra6 36. Re1 Ra2 37. Re5 Kh6 38. Bd2 Rxc2 39. Bxg5+ Kg7 40.
Nf5+ Kg6 41. Ne3 1-0

[Event "FIDE World Rapid 2013"]
[Site "Khanty-Mansiysk RUS"]
[Date "2013.06.06"]
[Round "2.27"]
[White "Ghaem Maghami, Ehsan"]
[Black "Byambaa, Zulzaga"]
[Result "1/2-1/2"]
[WhiteTitle "GM"]
[BlackTitle "FM"]
[WhiteElo "2554"]
[BlackElo "2285"]
[WhiteFideId "12500739"]
[BlackFideId "4900642"]
[EventDate "2013.06.06"]

1. e4 c6 2. d4 g6 3. Nf3 Bg7 4. Be2 d6 5. c4 Nf6 6. Nc3 O-O 7. O-O e5 8. Re1
Nbd7 9. Bf1 Re8 10. d5 c5 11. a3 Nb8 12. b4 Na6 13. Rb1 b6 14. h3 Nh5 15. g3 f5
16. exf5 Bxf5 17. Ne4 Qd7 18. Nfg5 Nf6 19. Bg2 Rac8 20. Qe2 Re7 21. Bd2 Rf8 22.
Rbd1 Nxe4 23. Nxe4 Bxe4 24. Qxe4 Ref7 25. b5 Nc7 26. Rf1 a5 27. Qg4 Qe7 28. h4
Kh8 29. h5 gxh5 30. Qxh5 Rf5 31. Qe2 Qf7 32. Be4 Rh5 33. g4 Rh4 34. Bg5 Bf6 35.
Bxh4 Bxh4 36. Rd3 Bg5 37. Kg2 Kg7 38. Rh1 h6 39. Rf3 Qe7 40. Bc2 Rxf3 41. Qxf3
Qf7 42. Qe4 Kf8 43. Rh3 Ne8 44. Rf3 Bf4 45. Bd3 Ke7 46. Rh3 Kf8 47. Qf3 Nf6 48.
Bf5 Qg7 49. Kh1 Qg5 50. Qd3 Kg7 51. a4 Kf8 52. Be6 Kg7 53. Qe2 Kh7 54. Kg2 Kg7
55. f3 Kh7 56. Bf5+ Kg7 57. Kf1 Kf8 58. Bc2 Kg7 59. Qd3 Kf8 60. Qf5 Qxf5 61.
Bxf5 Kg7 62. Ke2 Kf8 63. Kf2 Kg7 64. Rh1 Kf8 65. Kg2 Kg7 66. Kh3 Kf8 67. Kg2 Kg7
68. Be4 Kf8 69. Rh4 Kg7 70. Rh1 Kg8 71. Bf5 Kg7 72. Kf2 Kg8 73. Ke2 Kg7 74. Kd3
Kg8 75. Rh3 Kg7 76. Ke2 Kg8 77. Bd3 Kg7 1/2-1/2

[Event "FIDE World Rapid 2013"]
[Site "Khanty-Mansiysk RUS"]
[Date "2013.06.06"]
[Round "2.28"]
[White "Nadanian, Ashot"]
[Black "Dubov, Daniil"]
[Result "0-1"]
[WhiteTitle "IM"]
[BlackTitle "GM"]
[WhiteElo "2428"]
[BlackElo "2638"]
[WhiteFideId "13300393"]
[BlackFideId "24126055"]
[EventDate "2013.06.06"]

1. d4 d5 2. Nc3 Nf6 3. Bg5 Nbd7 4. Qd2 h6 5. Bh4 e6 6. O-O-O c5 7. dxc5 Bxc5 8.
Nf3 Qa5 9. a3 b5 10. e3 b4 11. Na2 Ne4 12. Qe1 Rb8 13. Bd3 O-O 14. Nd4 Qa4 15.
f3 Nd6 16. Qe2 e5 17. Bf2 exd4 18. exd4 Bb6 19. Nxb4 Nf6 20. Qe5 Bc7 21. Nxd5
Nxd5 22. Qxd5 Be6 23. Qh5 Nc4 24. Bxc4 Bf4+ 25. Kb1 Rxb2+ 26. Kxb2 Rb8+ 0-1

[Event "FIDE World Rapid 2013"]
[Site "Khanty-Mansiysk RUS"]
[Date "2013.06.06"]
[Round "2.29"]
[White "Ram, S. Krishnan"]
[Black "Gordievsky, Dmitry"]
[Result "0-1"]
[BlackTitle "FM"]
[WhiteElo "2248"]
[BlackElo "2474"]
[WhiteFideId "5010519"]
[BlackFideId "24112798"]
[EventDate "2013.06.06"]

1. Nf3 e6 2. c4 b6 3. g3 Bb7 4. Bg2 c5 5. O-O Nf6 6. Nc3 Be7 7. Re1 Ne4 8. Nxe4
Bxe4 9. d3 Bb7 10. e4 O-O 11. d4 cxd4 12. Nxd4 d6 13. b3 a6 14. a4 Nd7 15. Ba3
Qc7 16. Rc1 Rfe8 17. f4 Bf8 18. h3 Rad8 19. Kh2 Qb8 20. Qd2 Qa8 21. Qc2 g6 22.
Bb2 e5 23. Ne2 Nc5 24. Nc3 0-1